Hegelova koncepcia byrokracie ako všeobecného stavu
Hegel skúma byrokraciu v rámci vládnej moci vo Filozofii práva. Byrokraciu chápe ako všeobecný stav, resp. univerzálnu triedu. Hegel určuje stavy čo do pojmu ako 1. substanciálny alebo bezprostredný stav, 2. reflektujúci alebo formálny stav a ako 3. všeobecný stav. Podľa Hegela moralita, schopnosti,...
Enregistré dans:
| Auteur principal: | |
|---|---|
| Format: | Chapitre de livre |
| Langue: | slovaque |
| Sujets: | |
| Tags: |
Pas de tags, Soyez le premier à ajouter un tag!
|
MARC
| LEADER | 00000naa a2200000 4500 | ||
|---|---|---|---|
| 001 | 0265208 | ||
| 005 | 20200703103224.8 | ||
| 041 | 0 | |a slo | |
| 044 | |a SK | ||
| 245 | 1 | 0 | |a Hegelova koncepcia byrokracie ako všeobecného stavu |c Michal Lipták |
| 520 | |a Hegel skúma byrokraciu v rámci vládnej moci vo Filozofii práva. Byrokraciu chápe ako všeobecný stav, resp. univerzálnu triedu. Hegel určuje stavy čo do pojmu ako 1. substanciálny alebo bezprostredný stav, 2. reflektujúci alebo formálny stav a ako 3. všeobecný stav. Podľa Hegela moralita, schopnosti, vzdelanie, zručnosti a charakter majú určujúcu funkciu pri pôsobení v štátnej byrokracii. U Hegela tak môžeme hovoriť o meritokracii. | ||
| 610 | 2 | 0 | |a filozofia |
| 610 | 2 | 0 | |a filozofi |
| 610 | 2 | 0 | |a byrokracia |
| 610 | 2 | 0 | |a správa štátna |
| 100 | 1 | |a Lipták, Michal | |